000 00546nam a2200229Ia 4500
005 20250425162509.0
008 250425s9999 xx 000 0 und d
020 _a9500613743
041 _aspa
082 _a574.8
100 _aLODISH, HARVEY
245 0 _aBIOLOGIA CELULAR Y MOLECULAR
250 _a5TA ED.
260 _aArgentina
_bEDICIONES MEDICAS PANAMERICANAS
_c2006
260 _aBUENOS AIRES
300 _a973
650 _aBIOLOGIA MOLECULAR
650 _aCELULA
650 _aGENETICA
942 _c01
010 _a78211
999 _c230399
_d230399